| 000 | 00749nam a2200289Ia 4500 | ||
|---|---|---|---|
| 005 | 20260324125718.0 | ||
| 008 | 008 260324s9999 xx 000 0 eng d | ||
| 020 | _a9780203871867 | ||
| 037 | _aEBOOK | ||
| 040 | _aCRL | ||
| 040 | _beng | ||
| 040 | _cCRL | ||
| 041 | _2eng | ||
| 041 | _aeng | ||
| 084 | _qCRL | ||
| 100 |
_aStephen Briggs; Alessandra Lemma; William Crouch _91179023 |
||
| 245 | 0 | _aRelating to Self-Harm and Suicide | |
| 245 | 0 | _bPsychoanalytic Perspectives on Practice, Theory and Prevention | |
| 260 | _bTaylor and Francis | ||
| 260 | _c2008 | ||
| 365 | _a | ||
| 365 | _b195 | ||
| 856 | _uhttp://www.taylorfrancis.com/books/9780203871867 | ||
| 942 | _cEBOOK | ||
| 999 |
_c1774537 _d1774537 |
||